| 000 | 00360nam a2200145Ia 4500 | ||
|---|---|---|---|
| 008 | 150201s2004 xx 000 0 und d | ||
| 082 |
_a617.645 _bC2004F |
||
| 100 | _aSIDNEY B.FINN | ||
| 245 | _aCLINICAL PEDODONTICS | ||
| 250 | _a4TH | ||
| 260 |
_bALL INDIA TRAVELLER BOOK SELLER _aDELHI _c2004 |
||
| 300 | _a1-704 | ||
| 650 | _aPEDODONTICS | ||
| 942 |
_2ddc _cBK |
||
| 999 |
_c2763 _d2763 |
||